Tabuľkový procesor - efektívny pomocník v oblasti osobných financií
Plánovanie a kontrola osobných financií, ich osvojenie pre používateľov osobných počítačov. Finančné funkcie aplikácií ponúkajúce výpočtové možnosti v prostredí Windows, Excel a Open Office. Stručný popis jednotlivých funkcií, ktorými si môžu užívatelia osobných počítačov zvýšit úroveň svojej finanč...
Guardado en:
| Autor principal: | |
|---|---|
| Formato: | Capítulo de libro |
| Lenguaje: | eslovaco |
| Materias: | |
| Etiquetas: |
Sin Etiquetas, Sea el primero en etiquetar este registro!
|
MARC
| LEADER | 00000nla$a2200000$$$4500 | ||
|---|---|---|---|
| 001 | 0141949 | ||
| 005 | 20240502072538.8 | ||
| 041 | 0 | |a slo | |
| 044 | |a SK | ||
| 245 | 1 | 0 | |a Tabuľkový procesor - efektívny pomocník v oblasti osobných financií |c Marián Poláček |
| 520 | |a Plánovanie a kontrola osobných financií, ich osvojenie pre používateľov osobných počítačov. Finančné funkcie aplikácií ponúkajúce výpočtové možnosti v prostredí Windows, Excel a Open Office. Stručný popis jednotlivých funkcií, ktorými si môžu užívatelia osobných počítačov zvýšit úroveň svojej finančnej gramotnosti. | ||
| 610 | 2 | 0 | |a gramotnosť finančná |
| 610 | 2 | 0 | |a gramotnosť informačná |
| 610 | 2 | 0 | |a vzdelávanie elektronické |
| 610 | 2 | 0 | |a používatelia |
| 610 | 2 | 0 | |a technológie informačné |
| 610 | 2 | 0 | |a technológie komunikačné |
| 610 | 2 | 0 | |a programy počítačové |
| 610 | 2 | 0 | |a spracovanie dát |
| 100 | 1 | |a Poláček, Marian | |